000 00286nam a2200121 4500
999 _c10782
_d10782
003 OSt
005 20220906153537.0
008 220906b ||||| |||| 00| 0 eng d
110 _aRimsha A
245 _aTown planning in hot climates
260 _aMOSCOW
_bMIR Publishers
942 _2ddc